Statistiques concernant Devine le Maisonneux

Cliquez ici pour prendre le quiz!

Statistiques générales

  • Ce quiz a été pris 6 fois
  • Le résultat moyen est 5 sur 10

Statistiques - réponses

HintRéponse% Correct
🥵 🏋🏾Harish
83%
🧑‍💻 💣Samy
83%
👨‍👩‍👦‍👦 🥊Kevin
67%
💨 🏳️‍🌈Vagnona
67%
🎹 🇬🇧​Constance
50%
🤬 💯Benoit
33%
0️⃣ 🥁Chenan
33%
🍝 🚴🏻Mathieu
33%
😴 🔇Steve
33%
🕋 🤢Walid
33%

Distribution des résultats

Percentile par nombre de réponses

% des personnes avec chaque résultat

Votre développement - résultats

Vous n’avez pas pris ce quiz